Statistiques concernant Culture Générale - Série 1020

Cliquez ici pour prendre le quiz!

Statistiques générales

  • Ce quiz a été pris 71 fois
  • Le résultat moyen est 6 sur 10

Statistiques - réponses

QuestionRéponse% Correct
Par quelle lettre désigne-t-on un plan de rechange, de remplacement ?B
100%
Dans quel pays êtes-vous si vous visitez Pampelune ?Espagne
95%
Comment appelle-t-on les habitants de la capitale de la Suisse ?Bernois
94%
Quel mot dérivé de l'anglais "kitchen" désigne une petite cuisine ?kitchenette
85%
Qu'est-ce qui peut-être "d'asperge", "des pieds", ou "du Raz" en Bretagne ?pointe
80%
D'après le titre d'une pièce de Jean Giraudoux, quelle guerre n'aura pas lieu ?La guerre de Troie
57%
Dans une chanson de Fernandel, quel petit nom charmant lui vient tout droit de ses parents ?Ignace
45%
D'après l'étymologie du mot, quelle plante trouve-t-on en abondance dans une "roselière" ?roseau
43%
Quel mot latin, signifiant "désir", est utilisé par Freud pour désigner l'énergie qui sous-tend les pulsions sexuelles ?libido
34%
En 1971, le réalisateur Sam Peckinpah met en scène Dustin Hoffman dans : "Les Chiens de...paille
15%

Distribution des résultats

Percentile par nombre de réponses

% des personnes avec chaque résultat

Votre développement - résultats

Vous n’avez pas pris ce quiz